Keynote: Advanced. Teacher's Book

Guardat en:
Dades bibliogràfiques
Autor principal: Hughes, John (Autor)
Format: Llibre
Idioma:anglès
Publicat: Hampshire National Geographic Learning 2016
Edició:1a. ed
Matèries:
Etiquetes: Afegir etiqueta
Sense etiquetes, Sigues el primer a etiquetar aquest registre!

MARC

LEADER 00000cam a2200000 a 4500
001 UCD8115
003 CL-VaPUC
008 170428e20160000uk |||||||||||||||||eng|d
020 |a 9781305579606 
082 0 4 |a 428  |b HUG  |2 21 
100 |a Hughes, John  |e author  |9 591967 
245 1 0 |a Keynote: Advanced. Teacher's Book 
250 |a 1a. ed 
300 |a 246 p 
942 |c BK 
945 |d 20170428 01:26:00  |a dcastane 
260 |a Hampshire  |b National Geographic Learning  |c 2016 
500 |a Incluye 2 cd con audio 
650 0 |a Enseñanza del inglés  |9 367340 
650 0 |a Métodos de enseñanza  |9 270413 
650 0 |a Educación lingüística  |9 306506 
650 0 |a Lengua inglesa  |9 318842 
583 |a last modification  |c 20170428 01:26:00  |k Rodrigo Vera 
999 |c 367855  |d 367853 
952 |0 0  |1 0  |3 erb  |4 0  |6 428_000000000000000_HUG_2016  |7 0  |8 ?  |9 482992  |a FDOILP  |b FDOILP  |i 5374294  |o 428 HUG 2016  |p 5374294  |r 2019-11-24  |w 2019-11-24  |y BK  |z Catalogado en:20170428  |k ILP